| 000 | 00694cam a22001817a 4500 | ||
|---|---|---|---|
| 008 | 180718b2003 xxu||||| |||| 00| 0 eng d | ||
| 020 | _a9812301925 | ||
| 082 | _aT000x5 K823 | ||
| 245 |
_aExternal factors for Asian development _cedited by Hirohisa Kohama |
||
| 260 |
_aSingapore _bInstitute of Southwast Asian Studies _c2003 |
||
| 300 | _a242p. | ||
| 500 | _aContents: v.1 Asian development experience | ||
| 650 | _aAsia, Southeastern - Foreign economic relations - Japan | ||
| 650 | _aJapan - Foreign economic relations - Asia, Southeastern | ||
| 650 | _aEconomic assistance, Japanese - Asia | ||
| 650 | _aEconomic assistance, Japanese - Asia, Southeastern | ||
| 700 | _aKohama, Hirohisa | ||
| 999 |
_c402701 _d402701 |
||